Códice Franciscano : siglo XVI : Informe de la Provincia del Santo Evangelio al visitador Lic. Juan de Ovando, Informe de la Provincia de Guadalajara al mismo, Cartas de religiosos, 1533-1569 /

Guardado en:
Detalles Bibliográficos
Autor principal: Mendieta, Jerónimo de, Fray (autor)
Otros autores: García Icazbalceta, Joaquín (edición) (edición), Chávez Hayhoe, Salvador (prólogo) (prólogo)
Formato: Libro
Idioma:Español
Publicado: México : Editorial Salvador Chávez Hayhoe, 1941
Etiquetas: Agrega una etiqueta
Sin etiquetas, Sé el primero en etiquetar este registro!

MARC

LEADER 00000nam^a2200000^a^4500
001 000615256
005 20250530000000.0
009 20260310133658.314
025 |a Donación Robles Martínez, 1 ejemplar 
037 |a Acervo ITESO - Biblioteca 
041 |a ESP 
091 |a FRM. 00224 
100 |a Mendieta, Jerónimo de,  |c Fray  |e (autor) 
245 1 0 |a Códice Franciscano :  |b siglo XVI : Informe de la Provincia del Santo Evangelio al visitador Lic. Juan de Ovando, Informe de la Provincia de Guadalajara al mismo, Cartas de religiosos, 1533-1569 / 
264 1 |a México :  |b Editorial Salvador Chávez Hayhoe,  |c 1941 
300 |a XLIV, 299 p. 
336 |a texto  |b txt  |2 rdacontenido 
337 |a sin mediación  |b n  |2 rdamedio 
338 |a volumen  |b nc  |2 rdasoporte 
649 |a XX 
700 |a García Icazbalceta, Joaquín  |e (edición) 
700 |a Chávez Hayhoe, Salvador  |e (prólogo) 
910 |a Fondo Robles Martínez 
920 |a Impresos - Libros 
930 |a Fondos Especiales 
905 |a 123 
901 |a 615266-10  |b IT2  |c ESP  |i D  |u 20250530 
902 |a https://opac.biblio.iteso.mx/vufind/Record/000615256